000 00993nam a2200253 a 4500
001 BRCA_1113
005 20190320203303.0
008 890210s1987 fi-a---##b---#000-0#eng-#
020 _a9519229523
040 _aDLC
_cDLC
_dDLC
041 _aengfin
050 4 _aNK9771
_b.L36 1987
245 1 0 _aThe Language of Wood
_bWood in Finnish Sculpture, Design, and Architecture.
260 _a[Helsinki]
_bMuseum of Finnish Architecture
_c1987
300 _a228 p.
_bil. (algunas a color)
_c23 cm.
500 _aCatálogo de la exposición realizada en el Museum of Finnish Architecture y otros Museos, 21 agosto - 4 octubre, 1987
500 _aIncluye índice fotográfico
504 _aIncluye referencias bibliográficas
650 1 4 _aTallado en madera
_vExposiciones
_zFinlandia
_93673
650 1 4 _aArtes decorativas
_vExposiciones
_zFinlandia
_93674
650 1 4 _aEscultura finlandesa
_vExposiciones
_93675
650 1 4 _aConstrucciones en madera
_vExposiciones
_zFinlandia
_93676
942 _2lcc
_cB
999 _c992
_d992